Pokémon - Ground Type Moves - Sudden Death - Statistics

General Stats
  • This quiz has been taken 28 times
  • The average score is 10 of 24
Answers on the Grid
Answers color-coded by a green-red scale on the quiz's grid according to % correct below.
Stomp
Sludge
Sand Attack
Magnitude
Core Enforcer
Fissure
Mud-Slap
Bone Rush
Sandstorm
Scorching Sands
Headlong Rush
Rollout
Horn Drill
Ingrain
Spikes
Shadow Bone
Precipice Blades
Thousand Waves
Tar Shot
Sandsear Storm
Mud Shot
Sludge Wave
Seismic Toss
High Horsepower
Earth Power
Dig
Land‘s Wrath
Eruption
Sand Tomb
Gravity
Thousand Arrows
Earthquake
Muddy Water
Shore Up
Bonemerang
Mud Bomb
Shelter
Drill Run
Sludge Bomb
Stomping Tantrum
 
Answer Stats
Answer % Correct
Ground Sand Attack
94%
Ground Mud-Slap
83%
Ground Bone Rush
78%
Ground Magnitude
78%
Ground Fissure
67%
Ground High Horsepower
50%
Ground Earthquake
44%
Ground Mud Shot
44%
Ground Dig
39%
Ground Scorching Sands
39%
Ground Stomping Tantrum
39%
Ground Earth Power
33%
Ground Sand Tomb
33%
Ground Spikes
33%
Ground Bonemerang
28%
Ground Drill Run
28%
Ground Headlong Rush
28%
Ground Land‘s Wrath
28%
Ground Mud Bomb
28%
Ground Thousand Arrows
28%
Ground Precipice Blades
22%
Ground Sandsear Storm
22%
Ground Shore Up
22%
Ground Thousand Waves
22%
No matching quizzes found
Score Distribution
Percent of People with Each Score
Percentile by Number Answered
Your Score History
You have not taken this quiz